Amanda Seyfried Projects by Picture - Statistics

General Stats
  • This quiz has been taken 7 times
  • The average score is 9 of 24
Answer Stats
Picture Answer % Correct
Mamma Mia
100%
Mean Girls
100%
Mamma Mia Here We Go Again
83%
Jennifer's Body
67%
Ted 2
67%
The Housemaid
67%
In Time
33%
Les Miserables
33%
Letters to Juliet
33%
Long Bright River
33%
Lovelace
33%
Love the Coopers
33%
The Crowded Room
33%
The Testament of Ann Lee
33%
A Million Ways to Die in the West
17%
Big Love
17%
Chloe
17%
Dear John
17%
Gone
17%
The Art of Racing in the Rain
17%
The Dropout
17%
The Last Word
17%
Things Heard and Seen
17%
Veronica Mars
17%
No matching quizzes found
Score Distribution
Percent of People with Each Score
Percentile by Number Answered
Your Score History
You have not taken this quiz